शालगिरह की पुकार पर / (Record no. 39343)

MARC details
000 -LEADER
fixed length control field 01083nam a22002417a 4500
005 - DATE AND TIME OF LATEST TRANSACTION
control field 20100805104035.0
010 ## - LCCN (DPL NO)
LC control number HIN-89988
020 ## - INTERNATIONAL STANDARD BOOK NUMBER
International Standard Book Number 817119379X
Terms of availability 65.00
035 ## - SYSTEM CONTROL NUMBER
System control number HN-62334
037 ## - SOURCE OF ACQUISITION
Source of stock number/acquisition DBAD / PUB
082 ## - DEWEY DECIMAL CLASSIFICATION NUMBER
Classification number
100 ## - MAIN ENTRY--PERSONAL NAME
Personal name महाश्वेता देवी
245 ## - TITLE STATEMENT
Title शालगिरह की पुकार पर /
Statement of responsibility, etc महाश्वेता देवी
246 ## - VARYING FORM OF TITLE
Title proper/short title Shaalgirah Ki Pukar Per
Remainder of title by Mahashweta Devi
260 ## - PUBLICATION, DISTRIBUTION, ETC. (IMPRINT)
Place of publication, distribution, etc नई दिल्ली
Name of publisher, distributor, etc राधाकृष्ण प्रकाशन
Date of publication, distribution, etc 1998
270 ## - ADDRESS
Address 2/38, अंसारी रोड़, दरियागंज
City नई दिल्ली
Postal code 110002
300 ## - PHYSICAL DESCRIPTION
Extent 184पृ.
Dimensions 18सेमी (सजिल्द)
650 ## - SUBJECT ADDED ENTRY--TOPICAL TERM
Topical term following geographic name as entry element हिन्दी कथा साहित्य
650 ## - SUBJECT ADDED ENTRY--TOPICAL TERM
Topical term following geographic name as entry element Hindi Katha Sahitya
700 ## - ADDED ENTRY--PERSONAL NAME
9 (RLIN) 5361
942 ## - ADDED ENTRY ELEMENTS (KOHA)
Source of classification or shelving scheme Dewey Decimal Classification
Item type Hindi Books
Classification part
Call number suffix महाश्वे
Holdings
Withdrawn status Lost status Not for loan Collection code Home library Current library Date acquired Source of acquisition Cost, normal purchase price Full call number Barcode Copy number Cost, replacement price Koha item type
    Not For Loan Fiction D.B.Act.Division D.B.Act.Division 05/08/2010 DBAD / PUB 65.00 उ महाश्वे HN-62334 1 65.00 Hindi Books

© Delhi Public Library
Hit Counter
free hit counter